STN ISO 14025: Environmentálne značky a vyhlásenia environmentálne vyhlásenia typu III

Guardado en:
Detalles Bibliográficos
Formato: Libro
Lenguaje:eslovaco
Publicado: Bratislava Slovenský ústav technickej normalizácie 2008
Materias:
Etiquetas: Agregar Etiqueta
Sin Etiquetas, Sea el primero en etiquetar este registro!

MARC

LEADER 00000nam a2200000 4500
001 0269497
005 20240318125222.0
041 0 |a slo 
044 |a SK 
245 1 0 |a STN ISO 14025: Environmentálne značky a vyhlásenia  |b environmentálne vyhlásenia typu III 
264 1 |a Bratislava  |b Slovenský ústav technickej normalizácie  |c 2008 
300 |a 28 s. 
500 |a Táto norma nahrádza TNI ISO/TR 14025 z marca 2002 v celom rozsahu. 
610 2 0 |a značky environmentálne 
610 2 0 |a produkty 
610 2 0 |a životnosť výrobkov 
610 2 0 |a informácie 
610 2 0 |a podnikatelia 
610 2 0 |a normy medzinárodné